000 00720nam a2200217 a 4500
005 20230609063520.0
008 030825s1958 mx r 000 0 spa d
035 _aUPN01000128171
049 _aCG
050 4 _aBF905 C5
_bH6.3 1958
100 1 _aHonroth, Curt A.
245 1 3 _aLa escritura infantil :
_bestudio del estado psicosomático del niño a través de su expresión gráfica /
_cCurt Honroth, Ramón Ribera.
250 _a2a ed.
260 _aBuenos Aires :
_bKapelusz,
_c1958.
300 _a112 p. +
_e24 p. de ejemplos.
440 0 _aBiblioteca de cultura pedagógica ;
_v33
650 4 _aGRAFOLOGIA
_98932
650 4 _aPsicología infantil
_990
700 1 _aRibera, Ramón,
_ecoaut.
905 _aLibro
999 _c100350
_d100350